Tỷ giá hối đoái những vấn đề lý luận và thực tiễn điều hành ở Việt Nam

محفوظ في:
التفاصيل البيبلوغرافية
المؤلف الرئيسي: Lê Quốc Lý
التنسيق: كتاب
اللغة:Undetermined
منشور في: Hà Nội Thống kê 2004
الوسوم: إضافة وسم
لا توجد وسوم, كن أول من يضع وسما على هذه التسجيلة!
Thư viện lưu trữ: Trung tâm Học liệu Trường Đại học Cần Thơ
LEADER 00509nam a2200157Ia 4500
001 CTU_64430
008 210402s9999 xx 000 0 und d
020 |b 29000 
082 |a 332.456 
082 |b L600 
100 |a Lê Quốc Lý 
245 0 |a Tỷ giá hối đoái những vấn đề lý luận và thực tiễn điều hành ở Việt Nam 
260 |a Hà Nội 
260 |b Thống kê 
260 |c 2004 
980 |a Trung tâm Học liệu Trường Đại học Cần Thơ